Special relationships (Record no. 43524)
[ view plain ]
| 000 -LEADER | |
|---|---|
| fixed length control field | 01635nam a2200385Ia 4500 |
| 082 04 - DEWEY DECIMAL CLASSIFICATION NUMBER | |
| Classification number | 810.9004 |
| 245 00 - TITLE STATEMENT | |
| Title | Special relationships |
| 260 ## - PUBLICATION, DISTRIBUTION, ETC. (IMPRINT) | |
| Place of publication | Manchester : |
| Name of publisher | Manchester University Press, |
| Year of publication | 2002. |
| 300 ## - PHYSICAL DESCRIPTION | |
| Number of Pages | x, 266 p. : |
| Other physical details | 1 ill. |
| 650 #0 - SUBJECT ADDED ENTRY--TOPICAL TERM | |
| Topical Term | American literature |
| Topical Term | English literature |
| Topical Term | English literature |
| Topical Term | Comparative literature |
| Topical Term | Comparative literature |
| Topical Term | American literature |
| Topical Term | English literature |
| 700 1# - ADDED ENTRY--PERSONAL NAME | |
| Personal name | Beer, Janet, |
| Personal name | Bennett, Bridget. |
| 856 40 - ELECTRONIC LOCATION AND ACCESS | |
| Uniform Resource Identifier | http://site.ebrary.com/lib/rucke/Doc?id=10071294 |
No items available.
